Deanonymizácia dát

Guardado en:
Detalles Bibliográficos
Autor principal: Medzihradská, Zuzana (Autor)
Otros Autores: Bečka, Martin (Orientador)
Formato: Manuscrito Libro
Lenguaje:eslovaco
Publicado: Bratislava : STU v Bratislave FEI, 2023
Materias:
Acceso en línea:https://opac.crzp.sk/?fn=detailBiblioFormChildC1EKL&sid=C0DEB8E07572332BA2230315805F&seo=CRZP-detail-kniha
Etiquetas: Agregar Etiqueta
Sin Etiquetas, Sea el primero en etiquetar este registro!

MARC

LEADER 00000ntm a22000003a 4500
001 stuzp94750
003 SK-STU
005 20241213084533.7
007 ta
008 150427s2015----xo-----f-mn---000-0-slo-d
040 |a STU  |b slo 
041 0 |a slo 
044 |a xo 
100 1 |a Medzihradská, Zuzana  |u 035000  |4 aut  |U FEI Fakulta elektrotechniky a informatiky  |T FEI Ústav informatiky a matematiky  |X 97872  |U E050  |Y 816  |7 97872 
242 0 1 |a Data Deanonymization  |y eng 
245 1 0 |a Deanonymizácia dát 
260 |a Bratislava :  |b STU v Bratislave FEI,  |c 2023 
300 |a 80 s. 
650 4 |a deanonymizácia  |2 slo 
650 4 |a anonymizácia  |2 slo 
650 4 |a grafové dáta  |2 slo 
650 4 |a anonymization  |2 eng 
650 4 |a graph data  |2 eng 
650 4 |a deanonymization  |2 eng 
700 1 |a Bečka, Martin  |u 035000  |k Z8  |4 ths  |U FEI Fakulta elektrotechniky a informatiky  |T FEI Ústav informatiky a matematiky  |X 62623  |U E050  |Y 816  |7 62623 
856 4 |u https://opac.crzp.sk/?fn=detailBiblioFormChildC1EKL&sid=C0DEB8E07572332BA2230315805F&seo=CRZP-detail-kniha